UM Logo

The Men who play God: (Record no. 15674)

MARC details
000 -LEADER
fixed length control field 00469nam a22001457a 4500
008 - FIXED-LENGTH DATA ELEMENTS--GENERAL INFORMATION
fixed length control field 201016b ||||| |||| 00| 0 eng d
020 ## - INTERNATIONAL STANDARD BOOK NUMBER
International Standard Book Number 9715502059
082 ## - DEWEY DECIMAL CLASSIFICATION NUMBER
Edition number 1983
Classification number DFil 899.2113
Item number R74
100 ## - MAIN ENTRY--PERSONAL NAME
Personal name Rotor, A. B.
9 (RLIN) 42418
245 ## - TITLE STATEMENT
Title The Men who play God:
Remainder of title a collection of ten stories/
Statement of responsibility, etc. A. B. Rotor
260 ## - PUBLICATION, DISTRIBUTION, ETC. (IMPRINT)
Place of publication, distribution, etc. Quezon City:
Name of publisher, distributor, etc. ADMU Press,
Date of publication, distribution, etc. ©1983.
300 ## - PHYSICAL DESCRIPTION
Extent 147 pages;
Dimensions 19 cm.
650 ## - SUBJECT ADDED ENTRY--TOPICAL TERM
Topical term or geographic name as entry element Short stories, Philippine (English).
9 (RLIN) 42419
942 ## - ADDED ENTRY ELEMENTS (KOHA)
Source of classification or shelving scheme Dewey Decimal Classification
Koha item type Filipiniana
Holdings
Withdrawn status Lost status Source of classification or shelving scheme Damaged status Not for loan Collection code Home library Current library Date acquired Source of acquisition Total Checkouts Full call number Barcode Date last seen Cost, replacement price Price effective from Koha item type
    Dewey Decimal Classification     Filipiniana UM Digos College - LIC UM Digos College - LIC 10/28/2003 Purchase   DFil 899.2113 R74 1983 16280 05/15/2025 231.00 10/16/2020 Filipiniana